000
00297nam a2200097Ia 4500
008
220204s9999 xx 000 0 und d
082
_a
65(06)
_b
CON
245
0
_a
Conference leadership: A manual to assist in the development of conference leaders
260
_a
Bombay
_b
Taraporevala
_c
1977
942
_c
BK
999
_c
30366
_d
30366